[Event "CAN-ch"]
[Site "Toronto CAN"]
[Date "2025.04.22"]
[Round "9.17"]
[White "Mok, Yuen Tak"]
[Black "Tan, Brendan"]
[Result "0-1"]
[WhiteElo "1948"]
[BlackElo "1960"]
[WhiteFideId "-1"]
[WhiteFideId "-1"]
[PlyCount "66"]
[GameId "2174492943984121"]
[EventDate "2025.04.17"]
[EventType "swiss"]
[EventRounds "9"]
[EventCountry "CAN"]

1. e4 c5 2. Nf3 d6 3. Bb5+ Bd7 4. Bxd7+ Nxd7 5. O-O Ngf6 6. Qe2 e6 7. c3 Be7 8. d4 O-O 9. e5 Ne8 10. Nbd2 cxd4 11. cxd4 d5 12. Nb3 Rc8 13. Bf4 f5 14. exf6 Rxf6 15. Bg3 Rg6 16. Nc1 Nd6 17. Ne5 Nxe5 18. Bxe5 Qb6 19. Nd3 Nf5 20. Nf4 Rh6 21. Rac1 Rf8 22. Rfd1 Bf6 23. Bc7 Nxd4 24. Qg4 Qa6 25. Re1 Rh4 26. Qg3 Rxf4 27. Bxf4 Ne2+ 28. Rxe2 Qxe2 29. Bd6 Qxb2 30. Qe3 Bd4 31. Qxe6+ Kh8 32. Bf4 Qxf2+ 33. Kh1 Qxf4 0-1

[Event "CAN-ch"]
[Site "Toronto CAN"]
[Date "2025.04.22"]
[Round "9.18"]
[White "Mutyalapati, Modith Aaroh"]
[Black "Gao, Heye"]
[Result "1/2-1/2"]
[WhiteElo "1985"]
[BlackElo "2003"]
[WhiteFideId "-1"]
[WhiteFideId "-1"]
[PlyCount "68"]
[GameId "2174525543745025"]
[EventDate "2025.04.17"]
[EventType "swiss"]
[EventRounds "9"]
[EventCountry "CAN"]

1. e4 e5 2. Nf3 Nc6 3. Bb5 a6 4. Bxc6 dxc6 5. Nc3 f6 6. d4 exd4 7. Qxd4 Qxd4 8. Nxd4 Bd7 9. Be3 O-O-O 10. O-O-O Ne7 11. f4 Ng6 12. h3 h5 13. Rd2 Bd6 14. Nde2 Rde8 15. Rhd1 Re7 16. a3 a5 17. Rf1 Ree8 18. Nd4 b5 19. f5 Ne5 20. Bf4 b4 21. axb4 axb4 22. Nb1 c5 23. Nb3 Bc6 24. Bxe5 Rxe5 25. Na5 Bxe4 26. Nc4 Rd5 27. Ne3 Rxd2 28. Nxd2 Bc6 29. g4 hxg4 30. hxg4 Bb5 31. Ndc4 Rh2 32. Nxd6+ cxd6 33. Rg1 Bc6 34. g5 Rh1 1/2-1/2

[Event "CAN-ch"]
[Site "Toronto CAN"]
[Date "2025.04.22"]
[Round "9.19"]
[White "Malakhovets, Sergey"]
[Black "Zhao, Jifan"]
[Result "1/2-1/2"]
[WhiteElo "1969"]
[BlackElo "1890"]
[WhiteFideId "-1"]
[WhiteFideId "-1"]
[PlyCount "70"]
[GameId "2174526844999177"]
[EventDate "2025.04.17"]
[EventType "swiss"]
[EventRounds "9"]
[EventCountry "CAN"]

1. d4 d5 2. Nf3 Nf6 3. Bf4 e6 4. e3 Be7 5. Ne5 c5 6. c3 Nc6 7. Nd2 Qb6 8. Rb1 Bd7 9. Bd3 cxd4 10. exd4 O-O 11. O-O Nxe5 12. dxe5 Ne8 13. Re1 Bc5 14. Qe2 f5 15. Nb3 Be7 16. Qh5 Bb5 17. Bc2 Ba4 18. Rbd1 Rc8 19. Rd3 g6 20. Qd1 Bxb3 21. Bxb3 Nc7 22. Qd2 Na6 23. Be3 Nc5 24. Bxc5 Qxc5 25. g3 Rfd8 26. h4 b5 27. a3 Kg7 28. Kg2 h6 29. Rd4 Qc6 30. Bd1 Bc5 31. Rd3 Rc7 32. Bf3 Rcd7 33. Rd1 a5 34. Qf4 Rf7 35. a4 Qb6 1/2-1/2

[Event "CAN-ch O1800"]
[Site "Toronto CAN"]
[Date "2025.04.18"]
[Round "1.1"]
[White "Wang, Bingfei"]
[Black "Dembla, Shabd"]
[Result "1-0"]
[WhiteElo "2111"]
[BlackElo "1909"]
[WhiteFideId "-1"]
[WhiteFideId "-1"]
[PlyCount "69"]
[GameId "2176040502217450"]
[EventDate "2025.04.18"]
[EventType "swiss"]
[EventRounds "9"]
[EventCountry "CAN"]

1. d4 Nf6 2. Nf3 e6 3. c4 Bb4+ 4. Nc3 O-O 5. Bg5 d5 6. e3 Nbd7 7. Qb3 Bxc3+ 8. bxc3 h6 9. Bh4 c6 10. Bd3 Qe7 11. O-O dxc4 12. Bxc4 e5 13. Rfd1 e4 14. Nd2 g5 15. Bg3 b5 16. Be2 Nb6 17. Qc2 Bf5 18. c4 bxc4 19. Nxc4 Nxc4 20. Qxc4 Bd7 21. Rab1 Nd5 22. Rdc1 f5 23. Be5 Qf7 24. Rb7 f4 25. Bh5 Qe6 26. h3 fxe3 27. fxe3 Rad8 28. Bg4 Qf7 29. Rxd7 Rxd7 30. Qxc6 Re7 31. Qxh6 Qf2+ 32. Kh1 Rxe5 33. dxe5 Qxe3 34. Be6+ Rf7 35. Rc8# 1-0

[Event "CAN-ch O1800"]
[Site "Toronto CAN"]
[Date "2025.04.18"]
[Round "1.2"]
[White "Mullur, Neerav"]
[Black "Wu, Nolan"]
[Result "1/2-1/2"]
[WhiteElo "1894"]
[BlackElo "2097"]
[WhiteFideId "-1"]
[WhiteFideId "-1"]
[PlyCount "56"]
[GameId "2176040502323957"]
[EventDate "2025.04.18"]
[EventType "swiss"]
[EventRounds "9"]
[EventCountry "CAN"]

1. e4 c5 2. c3 d5 3. exd5 Nf6 4. Nf3 Nxd5 5. Bc4 Nc6 6. O-O e6 7. d4 cxd4 8. Nxd4 Be7 9. Nb5 a6 10. Bxd5 exd5 11. Nd4 O-O 12. Be3 Ne5 13. h3 Nc4 14. Qe2 Bf6 15. b3 Nxe3 16. Qxe3 Re8 17. Qd3 Bxd4 18. cxd4 Qg5 19. Nc3 Bf5 20. Qf3 Rac8 21. Rfe1 Qd2 22. Rxe8+ Rxe8 23. Qxf5 Qxc3 24. Rd1 Qc6 25. Qf4 Re4 26. Qb8+ Re8 27. Qf4 Re4 28. Qb8+ Re8 1/2-1/2

[Event "CAN-ch O1800"]
[Site "Toronto CAN"]
[Date "2025.04.18"]
[Round "1.3"]
[White "Qian, Eric"]
[Black "Huang, Eric"]
[Result "1-0"]
[WhiteElo "2095"]
[BlackElo "1893"]
[WhiteFideId "-1"]
[WhiteFideId "-1"]
[PlyCount "65"]
[GameId "2176040502364928"]
[EventDate "2025.04.18"]
[EventType "swiss"]
[EventRounds "9"]
[EventCountry "CAN"]

1. Nf3 d5 2. c4 c6 3. g3 Nf6 4. Bg2 e6 5. b3 Bd6 6. Bb2 O-O 7. O-O Nbd7 8. d4 b6 9. Qc2 Bb7 10. Nc3 Qc7 11. Rfd1 Rad8 12. Nd2 e5 13. dxe5 Nxe5 14. cxd5 cxd5 15. Rac1 Qe7 16. Nb5 Rc8 17. Qf5 Rfe8 18. Nxd6 Rxc1 19. Rxc1 Qxd6 20. Nf1 Ned7 21. Ne3 b5 22. Rd1 Nb6 23. Qg5 h6 24. Qxg7+ Kxg7 25. Nf5+ Kg6 26. Nxd6 Re7 27. Nxb7 Rxb7 28. e3 Rd7 29. Kf1 Rd6 30. e4 Nfd7 31. exd5 f6 32. Ba3 b4 33. Bxb4 1-0

[Event "CAN-ch O1800"]
[Site "Toronto CAN"]
[Date "2025.04.18"]
[Round "1.4"]
[White "Bi, William"]
[Black "Bluvshtein, Ilia"]
[Result "1-0"]
[WhiteElo "1892"]
[BlackElo "2086"]
[WhiteFideId "-1"]
[WhiteFideId "-1"]
[PlyCount "77"]
[GameId "2176040502381318"]
[EventDate "2025.04.18"]
[EventType "swiss"]
[EventRounds "9"]
[EventCountry "CAN"]

1. e4 e5 2. Nf3 Nc6 3. Bc4 Bc5 4. c3 Nf6 5. d3 a6 6. a4 O-O 7. Bg5 h6 8. Bh4 g5 9. Bg3 d6 10. Nbd2 Qe7 11. Nb3 Ba7 12. Qd2 Nh5 13. Qe2 Bg4 14. h3 Nxg3 15. fxg3 Be6 16. Nbd2 Kg7 17. g4 b5 18. axb5 axb5 19. Bxb5 Bb6 20. Qd1 Rxa1 21. Qxa1 Na5 22. b4 Nb3 23. Nxb3 Bxb3 24. c4 d5 25. Qxe5+ Qxe5 26. Nxe5 dxc4 27. Bxc4 Bxc4 28. Nxc4 Ra8 29. Kd2 Bd4 30. Rc1 Ra2+ 31. Rc2 Ra4 32. Ne3 Be5 33. Nf5+ Kh7 34. d4 Bf4+ 35. Kc3 Kg6 36. Kb3 Ra7 37. g3 Bd6 38. Nxd6 cxd6 39. Rc6 1-0

[Event "CAN-ch O1800"]
[Site "Toronto CAN"]
[Date "2025.04.18"]
[Round "1.5"]
[White "Starr, Sasha"]
[Black "Byl, Oliver"]
[Result "1/2-1/2"]
[WhiteElo "2071"]
[BlackElo "1881"]
[WhiteFideId "-1"]
[WhiteFideId "-1"]
[PlyCount "105"]
[GameId "2176040502381319"]
[EventDate "2025.04.18"]
[EventType "swiss"]
[EventRounds "9"]
[EventCountry "CAN"]

1. e4 d6 2. Nc3 Nf6 3. f4 c5 4. Nf3 g6 5. Bc4 Nc6 6. f5 gxf5 7. d3 fxe4 8. dxe4 Bg4 9. h3 Be6 10. Bb5 Qb6 11. e5 Ne4 12. Nxe4 Qxb5 13. exd6 O-O-O 14. Nfg5 exd6 15. a4 Qc4 16. b3 Qd4 17. Qxd4 Nxd4 18. Nxe6 fxe6 19. Kd1 Be7 20. Bb2 Rhg8 21. Bxd4 cxd4 22. g4 Rdf8 23. Ke2 h5 24. Rag1 hxg4 25. Rxg4 Kd7 26. Rxg8 Rxg8 27. h4 Rg4 28. Kd3 Rxh4 29. Rxh4 Bxh4 30. Kxd4 a5 31. c4 Kc6 32. Kd3 d5 33. Nd2 Kc5 34. cxd5 exd5 35. Nf3 Bf6 36. Ne1 b5 37. axb5 Kxb5 38. Nc2 Be7 39. Kd4 Kc6 40. Kc3 Bf6+ 41. Kd3 Kc5 42. Ke3 d4+ 43. Kd3 Kd5 44. Na3 Be7 45. Nc2 Bc5 46. Ne1 Ba7 47. Nc2 Bb6 48. Ne1 Kc5 49. Nc2 Kb5 50. Ke4 Kc5 51. Nxd4 Kb4 52. Nc6+ Kxb3 53. Nxa5+ 1/2-1/2

[Event "CAN-ch O1800"]
[Site "Toronto CAN"]
[Date "2025.04.18"]
[Round "1.6"]
[White "Sethi, Aaron"]
[Black "Maulucci, Anthony"]
[Result "0-1"]
[WhiteElo "1874"]
[BlackElo "2051"]
[WhiteFideId "-1"]
[WhiteFideId "-1"]
[PlyCount "84"]
[GameId "2176040502385416"]
[EventDate "2025.04.18"]
[EventType "swiss"]
[EventRounds "9"]
[EventCountry "CAN"]

1. e4 e6 2. d4 d5 3. e5 c5 4. c3 Nc6 5. Nf3 Qb6 6. a3 c4 7. Nbd2 Na5 8. h4 Bd7 9. g3 Ne7 10. Bh3 h6 11. O-O O-O-O 12. Rb1 Qc7 13. h5 Kb8 14. Nh4 Rg8 15. Kh2 g6 16. hxg6 Nxg6 17. Ndf3 Be7 18. Be3 Nxh4 19. Nxh4 Bxh4 20. gxh4 f6 21. Bf4 Nc6 22. Qd2 fxe5 23. dxe5 Ne7 24. h5 Rgf8 25. Bxh6 Qxe5+ 26. f4 Qxh5 27. Bxf8 Rxf8 28. Qe3 Ng6 29. Qf3 Qh6 30. f5 exf5 31. Qxd5 Rh8 32. Qd6+ Ka8 33. Rf3 Bc6 34. Rd1 a6 35. Rg3 f4 36. Qxg6 fxg3+ 37. Qxg3 Be4 38. Rf1 Qd2+ 39. Qf2 Qd3 40. Qg3 Qxf1 41. Qg8+ Rxg8 42. Bxf1 Bd3 0-1

[Event "CAN-ch O1800"]
[Site "Toronto CAN"]
[Date "2025.04.18"]
[Round "1.7"]
[White "Southam, David"]
[Black "Pan, Julian"]
[Result "1-0"]
[WhiteElo "2037"]
[BlackElo "1870"]
[WhiteFideId "-1"]
[WhiteFideId "-1"]
[PlyCount "67"]
[GameId "2176040502385417"]
[EventDate "2025.04.18"]
[EventType "swiss"]
[EventRounds "9"]
[EventCountry "CAN"]

1. d4 d5 2. c4 e6 3. Nf3 Nf6 4. g3 Nc6 5. Nbd2 Be7 6. Bg2 O-O 7. O-O Nd7 8. b3 f5 9. Bb2 Bf6 10. Rc1 Qe7 11. Qc2 Nb6 12. Ne5 Nb4 13. Qb1 Bxe5 14. dxe5 c5 15. e3 Bd7 16. Rfd1 Rfd8 17. a3 Na6 18. Bc3 Rac8 19. cxd5 exd5 20. f4 Be6 21. Nf3 h6 22. Rd2 Qf7 23. Ba5 Rd7 24. Bf1 Rdc7 25. Rdc2 g6 26. b4 cxb4 27. Rxc7 Rxc7 28. Rxc7 Qxc7 29. Nd4 Kf7 30. Bxb4 Nxb4 31. Qxb4 Qc1 32. Kf2 Bd7 33. Qd6 Qc8 34. Qf6+ 1-0

[Event "CAN-ch O1800"]
[Site "Toronto CAN"]
[Date "2025.04.18"]
[Round "1.8"]
[White "Desai, Kahan"]
[Black "Loadman, Ian"]
[Result "0-1"]
[WhiteElo "1869"]
[BlackElo "2024"]
[WhiteFideId "-1"]
[WhiteFideId "-1"]
[PlyCount "56"]
[GameId "2176040502389514"]
[EventDate "2025.04.18"]
[EventType "swiss"]
[EventRounds "9"]
[EventCountry "CAN"]

1. e4 e5 2. Nf3 Nc6 3. Bc4 Nf6 4. d3 Bc5 5. Nc3 a6 6. a4 d6 7. h3 h6 8. O-O g5 9. Nxg5 hxg5 10. Bxg5 Rg8 11. h4 Be6 12. Nd5 Bxd5 13. exd5 Nb8 14. c3 Nbd7 15. d4 Ba7 16. f4 Qe7 17. fxe5 dxe5 18. Qf3 O-O-O 19. Bxa6 bxa6 20. d6 Qxd6 21. Qa8+ Bb8 22. dxe5 Qb6+ 23. Kh2 Ng4+ 24. Kg3 Rxg5 25. a5 Qe3+ 26. Rf3 Qxe5+ 27. Kh3 Nf2+ 28. Rxf2 Qg3# 0-1

[Event "CAN-ch O1800"]
[Site "Toronto CAN"]
[Date "2025.04.18"]
[Round "1.9"]
[White "Filipovich, David"]
[Black "Schyngera, Eli"]
[Result "1-0"]
[WhiteElo "2011"]
[BlackElo "1867"]
[WhiteFideId "-1"]
[WhiteFideId "-1"]
[PlyCount "35"]
[GameId "2176040502389515"]
[EventDate "2025.04.18"]
[EventType "swiss"]
[EventRounds "9"]
[EventCountry "CAN"]

1. Nf3 Nf6 2. g3 g6 3. Bg2 Bg7 4. O-O O-O 5. d4 d6 6. b3 c5 7. Bb2 cxd4 8. Nxd4 a6 9. c4 Qc7 10. Nc3 Nc6 11. Rc1 Nxd4 12. Qxd4 Ng4 13. Qxg7+ Kxg7 14. Nd5+ e5 15. Nxc7 Rb8 16. c5 dxc5 17. h3 Nf6 18. Bxe5 1-0

[Event "CAN-ch O1800"]
[Site "Toronto CAN"]
[Date "2025.04.18"]
[Round "1.10"]
[White "Chen, Michael"]
[Black "Xu, Ryan"]
[Result "0-1"]
[WhiteElo "1864"]
[BlackElo "2010"]
[WhiteFideId "-1"]
[WhiteFideId "-1"]
[PlyCount "60"]
[GameId "2176040502274795"]
[EventDate "2025.04.18"]
[EventType "swiss"]
[EventRounds "9"]
[EventCountry "CAN"]

1. d4 d5 2. c4 c6 3. cxd5 cxd5 4. Nc3 Nf6 5. Bf4 Nc6 6. e3 Bf5 7. Qb3 Na5 8. Qa4+ Bd7 9. Qc2 e6 10. Bd3 Rc8 11. Nge2 b5 12. a3 Nc4 13. Bxc4 Rxc4 14. b3 Rc8 15. Qd3 Qa5 16. O-O Bxa3 17. b4 Qxb4 18. Rfb1 Bb2 19. Qc2 Bxc3 20. Rxb4 Bxb4 21. Qb3 a5 22. f3 O-O 23. Be5 Rc4 24. e4 Rfc8 25. Bxf6 gxf6 26. Qe3 Rc2 27. Qf2 a4 28. exd5 exd5 29. Qg3+ Kf8 30. Nf4 Rc1+ 0-1

[Event "CAN-ch O1800"]
[Site "Toronto CAN"]
[Date "2025.04.18"]
[Round "1.11"]
[White "Hong, Zihan"]
[Black "Lee, Matthew"]
[Result "1/2-1/2"]
[WhiteElo "1999"]
[BlackElo "1862"]
[WhiteFideId "-1"]
[WhiteFideId "-1"]
[PlyCount "91"]
[GameId "2176040502282988"]
[EventDate "2025.04.18"]
[EventType "swiss"]
[EventRounds "9"]
[EventCountry "CAN"]

1. d4 Nf6 2. Bf4 e6 3. e3 d5 4. Nd2 c5 5. c3 Nc6 6. Ngf3 Bd6 7. Bg3 a6 8. Bd3 cxd4 9. exd4 Bxg3 10. hxg3 Qc7 11. Qe2 Bd7 12. Ne5 h6 13. g4 Rf8 14. Ndf3 Nxe5 15. Nxe5 Bc6 16. O-O g5 17. f4 Nd7 18. Nxd7 Bxd7 19. Qe5 O-O-O 20. Qxc7+ Kxc7 21. fxg5 hxg5 22. Rae1 f6 23. Re3 Kd6 24. Ref3 Ke7 25. Kh2 e5 26. dxe5 fxe5 27. Rxf8 Rxf8 28. Rxf8 Kxf8 29. Bf5 Ke7 30. Kh3 Be6 31. Bc2 Kd6 32. Kg3 a5 33. Bd1 Kc5 34. Kf3 b6 35. a3 Kc4 36. Ke3 Bd7 37. g3 Bc6 38. Kd2 a4 39. Ke3 b5 40. Kd2 d4 41. cxd4 exd4 42. Kc2 Be4+ 43. Kd2 Kd5 44. Be2 Kc5 45. Bd1 Kd5 46. Be2 1/2-1/2

[Event "CAN-ch O1800"]
[Site "Toronto CAN"]
[Date "2025.04.18"]
[Round "1.12"]
[White "Katz, Lyam"]
[Black "Fillmore, Louis"]
[Result "1-0"]
[WhiteElo "1850"]
[BlackElo "1997"]
[WhiteFideId "-1"]
[WhiteFideId "-1"]
[PlyCount "85"]
[GameId "2176040502291181"]
[EventDate "2025.04.18"]
[EventType "swiss"]
[EventRounds "9"]
[EventCountry "CAN"]

1. e4 e5 2. Nf3 Nc6 3. Nc3 Nf6 4. Bb5 Bd6 5. O-O a6 6. Bc4 Bc5 7. d3 d6 8. h3 h6 9. Be3 Bxe3 10. fxe3 Na5 11. Qe1 Nxc4 12. dxc4 Be6 13. b3 O-O 14. Nh4 b5 15. cxb5 axb5 16. Nxb5 Nxe4 17. Nf3 f5 18. a4 c6 19. Nc3 Qb6 20. Nxe4 fxe4 21. Nd2 Rxf1+ 22. Nxf1 Qc5 23. Qd2 d5 24. c3 Qb6 25. b4 Qa6 26. Ng3 Qd3 27. Qxd3 exd3 28. Nf1 Kf7 29. Nd2 Ke7 30. a5 Kd6 31. Kf2 c5 32. b5 c4 33. b6 Bc8 34. e4 Ba6 35. Rb1 Rb8 36. exd5 Kxd5 37. Ke3 Bb7 38. Ne4 Ra8 39. Rb5+ Kc6 40. Rxe5 Bc8 41. Rc5+ Kd7 42. Rc7+ Kd8 43. Nd6 1-0

[Event "CAN-ch O1800"]
[Site "Toronto CAN"]
[Date "2025.04.18"]
[Round "1.13"]
[White "Tamkan, Ekrem"]
[Black "Li, Allen"]
[Result "1-0"]
[WhiteElo "1997"]
[BlackElo "1830"]
[WhiteFideId "-1"]
[WhiteFideId "-1"]
[PlyCount "71"]
[GameId "2176040502295278"]
[EventDate "2025.04.18"]
[EventType "swiss"]
[EventRounds "9"]
[EventCountry "CAN"]

1. e4 c6 2. d4 d5 3. exd5 cxd5 4. Bd3 Nc6 5. c3 Nf6 6. h3 e5 7. dxe5 Nxe5 8. Nf3 Nxd3+ 9. Qxd3 Bd6 10. O-O O-O 11. Bg5 Be6 12. Nbd2 h6 13. Bh4 Be7 14. Rfe1 Re8 15. Nd4 Bd7 16. Re5 Bc6 17. Nf5 Qc7 18. Qg3 Nh5 19. Nxe7+ Rxe7 20. Rxh5 Qxg3 21. Bxg3 Rae8 22. Rh4 Kh7 23. Rd4 f6 24. Rd1 Re1+ 25. Rxe1 Rxe1+ 26. Kh2 Re2 27. Bb8 a6 28. Kg3 g5 29. Ba7 f5 30. f4 Kg6 31. Kf3 Re6 32. Kf2 b5 33. Bb6 Re8 34. Nf3 gxf4 35. Rxf4 Kf6 36. Bd4+ 1-0

[Event "CAN-ch O1800"]
[Site "Toronto CAN"]
[Date "2025.04.18"]
[Round "1.14"]
[White "Cholakis, Max"]
[Black "Yin, Zeming"]
[Result "1-0"]
[WhiteElo "1829"]
[BlackElo "1993"]
[WhiteFideId "-1"]
[WhiteFideId "-1"]
[PlyCount "119"]
[GameId "2176040502303471"]
[EventDate "2025.04.18"]
[EventType "swiss"]
[EventRounds "9"]
[EventCountry "CAN"]

1. e4 c5 2. c3 Nf6 3. e5 Nd5 4. d4 cxd4 5. Nf3 Nc6 6. cxd4 d6 7. exd6 Qxd6 8. Nc3 e6 9. Bd2 Be7 10. Be2 Nf6 11. Rc1 O-O 12. Be3 Bd7 13. Qd2 Rfd8 14. O-O Be8 15. Rfd1 Rac8 16. a3 Na5 17. Ne4 Qd5 18. Nxf6+ Bxf6 19. Qb4 b6 20. Ba6 Rxc1 21. Rxc1 Nc6 22. Qc4 Nxd4 23. Qxd5 Rxd5 24. Nxd4 Bxd4 25. Rc8 Kf8 26. Bb7 Rc5 27. Bxd4 Rxc8 28. Bxc8 Bc6 29. Ba6 f6 30. g3 e5 31. Be3 Ke7 32. Bd3 g6 33. Kf1 e4 34. Bc2 Ke6 35. Bb3+ Ke5 36. a4 g5 37. a5 bxa5 38. Bxa7 f5 39. Bc5 f4 40. Bc4 Bd7 41. Ke2 Kf5 42. b3 Kg4 43. Bb6 h5 44. Bxa5 f3+ 45. Ke3 Kh3 46. Bd8 g4 47. Ba6 Kxh2 48. b4 h4 49. Bxh4 Kg2 50. b5 Bf5 51. b6 Kh2 52. b7 Kg2 53. b8=Q Kg1 54. Bb7 Kf1 55. Bxe4 Be6 56. Bxf3 gxf3 57. Kxf3 Kg1 58. g4 Bd5+ 59. Kg3 Bg2 60. f4 1-0

[Event "CAN-ch O1800"]
[Site "Toronto CAN"]
[Date "2025.04.18"]
[Round "1.15"]
[White "Lin, Austin"]
[Black "Kong, Brian"]
[Result "1-0"]
[WhiteElo "1990"]
[BlackElo "1794"]
[WhiteFideId "-1"]
[WhiteFideId "-1"]
[PlyCount "55"]
[GameId "2176040502307568"]
[EventDate "2025.04.18"]
[EventType "swiss"]
[EventRounds "9"]
[EventCountry "CAN"]

1. e4 e5 2. Nf3 Nc6 3. Bc4 Nf6 4. Ng5 d5 5. exd5 b5 6. Bf1 Nxd5 7. Bxb5 Bd7 8. d3 Nd4 9. Bc4 c6 10. c3 Ne6 11. Nxe6 Bxe6 12. O-O Be7 13. Re1 Qc7 14. Nd2 O-O 15. d4 exd4 16. cxd4 Rad8 17. Nb3 c5 18. Bd2 cxd4 19. Rc1 Qd7 20. Nxd4 Bg4 21. Bb5 Bxd1 22. Bxd7 Rxd7 23. Rcxd1 Bf6 24. Nf5 Bxb2 25. Bb4 Rfd8 26. Rxd5 g6 27. Rxd7 Rxd7 28. Re8# 1-0

[Event "CAN-ch O1800"]
[Site "Toronto CAN"]
[Date "2025.04.18"]
[Round "1.16"]
[White "Li, Justin"]
[Black "Lee, Daniel Joshua"]
[Result "0-1"]
[WhiteElo "1793"]
[BlackElo "1989"]
[WhiteFideId "-1"]
[WhiteFideId "-1"]
[PlyCount "48"]
[GameId "2176040502311665"]
[EventDate "2025.04.18"]
[EventType "swiss"]
[EventRounds "9"]
[EventCountry "CAN"]

1. d4 d5 2. Bf4 Nf6 3. e3 c5 4. c3 Nc6 5. Nd2 Bg4 6. Ngf3 e6 7. Bd3 Bd6 8. Bxd6 Qxd6 9. Qa4 O-O 10. Qa3 Nd7 11. O-O f5 12. Rfe1 e5 13. dxe5 Ndxe5 14. Be2 Rf6 15. h3 Bxf3 16. Nxf3 Nxf3+ 17. Bxf3 Ne5 18. Bd1 f4 19. exf4 Rxf4 20. Bc2 Raf8 21. Re2 Rh4 22. Rae1 Ng4 23. g3 Rxh3 24. Re6 Rxg3+ 0-1

[Event "CAN-ch O1800"]
[Site "Toronto CAN"]
[Date "2025.04.18"]
[Round "1.17"]
[White "Zheng, Yanchen"]
[Black "Cheung, Oscar"]
[Result "0-1"]
[WhiteElo "1988"]
[BlackElo "1792"]
[WhiteFideId "-1"]
[WhiteFideId "-1"]
[PlyCount "54"]
[GameId "2176040502311666"]
[EventDate "2025.04.18"]
[EventType "swiss"]
[EventRounds "9"]
[EventCountry "CAN"]

1. e4 e5 2. Nf3 Nc6 3. Bc4 Nf6 4. d3 Bc5 5. c3 Bb6 6. O-O d6 7. h3 h6 8. Re1 g5 9. Be3 g4 10. hxg4 Bxg4 11. b4 Bxe3 12. Rxe3 Nh5 13. Qb3 Qf6 14. Nh2 Rg8 15. Nd2 Nf4 16. Kh1 Bh5 17. Rg1 O-O-O 18. Ndf3 Rg7 19. Bb5 Nb8 20. d4 Rdg8 21. g3 Nh3 22. Rg2 Nxf2+ 23. Rxf2 Rxg3 24. Rf1 Qf4 25. Rd3 Rg2 26. Rg1 Bxf3 27. Nxf3 Qg3 0-1

[Event "CAN-ch O1800"]
[Site "Toronto CAN"]
[Date "2025.04.18"]
[Round "1.18"]
[White "Lau, Jayden"]
[Black "Lukinykh, Slava"]
[Result "1-0"]
[WhiteElo "1790"]
[BlackElo "1987"]
[WhiteFideId "-1"]
[WhiteFideId "-1"]
[PlyCount "137"]
[GameId "2176040502315763"]
[EventDate "2025.04.18"]
[EventType "swiss"]
[EventRounds "9"]
[EventCountry "CAN"]

1. e4 e5 2. Nf3 Nf6 3. d4 Nxe4 4. Nxe5 d5 5. Bd3 Be7 6. O-O O-O 7. Re1 Nf6 8. Bg5 Nbd7 9. Qf3 c6 10. Nd2 Re8 11. h3 Nf8 12. Nf1 Ne6 13. Be3 Qb6 14. Ng4 Nxg4 15. Qxg4 Bf6 16. Ng3 Ng5 17. Nf5 Bxf5 18. Qxf5 Ne4 19. Rad1 g6 20. Qg4 Qxb2 21. f3 Nd6 22. Qf4 Rxe3 23. Qxf6 Ne8 24. Qf4 Rxe1+ 25. Rxe1 Qb4 26. Re2 Ng7 27. Qf6 Ne6 28. Kh1 Qd6 29. f4 Qd8 30. Qe5 Qc7 31. Qf6 Re8 32. f5 Ng7 33. fxg6 hxg6 34. Rxe8+ Nxe8 35. Qg5 Qd6 36. Qg4 Qe7 37. h4 Nf6 38. Qg5 Qe6 39. Kh2 Ne4 40. Qf4 Qd6 41. Qxd6 Nxd6 42. Kg3 Kg7 43. Kf4 f6 44. g4 a6 45. g5 Nb5 46. Bxb5 axb5 47. c3 Kf7 48. Ke3 fxg5 49. hxg5 b6 50. a3 Ke6 51. Kf4 c5 52. Kg4 Kd7 53. Kf3 Kc7 54. Kf4 Kd6 55. Kg4 b4 56. axb4 cxb4 57. cxb4 Kc6 58. Kf4 Kb5 59. Ke5 Kxb4 60. Kxd5 Kc3 61. Ke5 b5 62. d5 b4 63. d6 b3 64. d7 b2 65. d8=Q b1=Q 66. Qd4+ Kc2 67. Qe4+ Kb2 68. Qxb1+ Kxb1 69. Kf6 1-0

[Event "CAN-ch O1800"]
[Site "Toronto CAN"]
[Date "2025.04.18"]
[Round "1.19"]
[White "Pollitt, Henry"]
[Black "Syed, Farhaan"]
[Result "1-0"]
[WhiteElo "1985"]
[BlackElo "1789"]
[WhiteFideId "-1"]
[WhiteFideId "-1"]
[PlyCount "127"]
[GameId "2176040502319860"]
[EventDate "2025.04.18"]
[EventType "swiss"]
[EventRounds "9"]
[EventCountry "CAN"]

1. e4 c6 2. d4 d5 3. Nc3 dxe4 4. Nxe4 Nf6 5. Nxf6+ exf6 6. c3 Bd6 7. Bd3 Be6 8. Ne2 Qc7 9. h3 Nd7 10. Be3 c5 11. Qc2 cxd4 12. Nxd4 Nc5 13. Nb5 Qc6 14. Nxd6+ Qxd6 15. Bxc5 Qxc5 16. Qa4+ Bd7 17. Qe4+ Qe5 18. O-O-O Qxe4 19. Bxe4 O-O-O 20. Rhe1 Be6 21. b3 Rd7 22. Rxd7 Bxd7 23. Bd5 Re8 24. Rxe8+ Bxe8 25. Kd2 Bc6 26. Bxc6 bxc6 27. Ke3 Kc7 28. Kd4 Kb6 29. c4 h5 30. f4 h4 31. f5 g6 32. a3 a5 33. a4 g5 34. c5+ Kc7 35. Ke3 Kd7 36. Kf3 Ke7 37. Kg4 Kf8 38. g3 hxg3 39. Kxg3 Ke7 40. Kg4 Kf8 41. Kh5 Kg7 42. h4 gxh4 43. Kxh4 Kf8 44. Kh5 Kg7 45. Kg4 Kf8 46. Kf4 Ke7 47. Kg4 Kf8 48. b4 axb4 49. a5 b3 50. a6 b2 51. a7 b1=Q 52. a8=Q+ Kg7 53. Qxc6 Qg1+ 54. Kh3 Qe3+ 55. Kh2 Qf4+ 56. Kg1 Qg5+ 57. Kf2 Qxf5+ 58. Ke3 Kf8 59. Qd6+ Ke8 60. Qb8+ Kd7 61. Qb7+ Ke6 62. Qc8+ Ke5 63. Qc7+ Ke6 64. Qd6# 1-0

[Event "CAN-ch O1800"]
[Site "Toronto CAN"]
[Date "2025.04.18"]
[Round "1.20"]
[White "Aravinthan, Adhvik"]
[Black "Lakhani, Riyaan"]
[Result "0-1"]
[WhiteElo "1775"]
[BlackElo "1976"]
[WhiteFideId "-1"]
[WhiteFideId "-1"]
[PlyCount "78"]
[GameId "2176040502328054"]
[EventDate "2025.04.18"]
[EventType "swiss"]
[EventRounds "9"]
[EventCountry "CAN"]

1. e4 g6 2. d4 Bg7 3. Nf3 c6 4. Nc3 d5 5. e5 Bg4 6. Be2 f6 7. exf6 Nxf6 8. h3 Bxf3 9. Bxf3 O-O 10. O-O Qd6 11. Re1 Nbd7 12. Bg4 Nxg4 13. Qxg4 e5 14. dxe5 Nxe5 15. Qg3 Rae8 16. Bf4 Qf6 17. Bxe5 Rxe5 18. Rxe5 Qxe5 19. Qxe5 Bxe5 20. Ne2 Bxb2 21. Rb1 Ba3 22. Rxb7 Bc5 23. Rc7 Rxf2 24. Rxc6 Be3 25. Kh2 Rxe2 26. Kg3 Bb6 27. Rc3 Re3+ 28. Rxe3 Bxe3 29. Kf3 Bb6 30. Ke2 Kf7 31. Kd3 Ke6 32. Ke2 Ke5 33. c3 Kf4 34. g4 Kg3 35. a3 g5 36. a4 a5 37. Kd3 Kxh3 38. c4 dxc4+ 39. Kxc4 Kxg4 0-1

[Event "CAN-ch O1800"]
[Site "Toronto CAN"]
[Date "2025.04.18"]
[Round "1.21"]
[White "Li, Hongyi"]
[Black "Valavan, Aaryan"]
[Result "1-0"]
[WhiteElo "1973"]
[BlackElo "1767"]
[WhiteFideId "-1"]
[WhiteFideId "-1"]
[PlyCount "43"]
[GameId "2176040502332151"]
[EventDate "2025.04.18"]
[EventType "swiss"]
[EventRounds "9"]
[EventCountry "CAN"]

1. e4 g6 2. d4 Bg7 3. Nc3 d6 4. Be3 c6 5. Qd2 b5 6. O-O-O Qa5 7. Kb1 Be6 8. d5 Bxc3 9. bxc3 Bd7 10. Ne2 Nf6 11. Bd4 c5 12. Bxf6 exf6 13. Qf4 Ke7 14. h4 Na6 15. Rd3 Nc7 16. g4 Rab8 17. g5 fxg5 18. hxg5 Ne8 19. Rf3 b4 20. c4 Ba4 21. Nc1 b3 22. cxb3 1-0